Amores de segunda mano

Na minha lista:
Detalhes bibliográficos
Autor principal: Serna, Enrique
Formato: Livro
Idioma:Undetermined
Publicado em: México, Distrito Federal Cal y arena 1999
Edição:4
Assuntos:
Tags: Adicionar Tag
Sem tags, seja o primeiro a adicionar uma tag!

MARC

LEADER 00000nam a2200000Ia 4500
008 170316s9999 xx 000 0 und d
040 |a cru BVZT 
090 |a 860 S-21.1a 
100 |a Serna, Enrique 
245 |a Amores de segunda mano 
250 |a 4 
260 |a México, Distrito Federal 
260 |b Cal y arena 
260 |c 1999 
300 |a 203 páginas 
650 |a LITERATURA LATINOAMERICANA 
650 |a CUENTOS 
999 |c 9215  |d 9215 
942 |c 15 D  |h 860 S-21.1a  |2 z